[Event "Banff op"]
[Site "Banff"]
[Date "2022.11.12"]
[Round "4"]
[White "Kaufman, Raymond"]
[Black "De Firmian, Nick E"]
[Result "0-1"]
[WhiteElo "2209"]
[BlackElo "2464"]
[PlyCount "96"]
[EventDate "2022.11.11"]
[EventType "swiss"]
[EventRounds "6"]
[EventCountry "CAN"]
[SourceTitle "CBM 211 Extra"]
[Source "ChessBase"]
[SourceDate "2023.01.31"]
[SourceVersion "1"]
[SourceVersionDate "2023.01.31"]
[SourceQuality "1"]

1. e4 c5 2. Nf3 d6 3. d4 cxd4 4. Nxd4 Nf6 5. Nc3 a6 6. Bg5 e6 7. f4 Be7 8. Qf3 Qc7 9. 0-0-0 Nbd7 10. g4 h6 11. Bxf6 Bxf6 12. h4 Nb6 13. Be2 Bd7 14. g5 Be7 15. Rhg1 hxg5 16. hxg5 g6 17. f5 e5 18. Nb3 gxf5 19. exf5 0-0-0 20. Na5 Kb8 21. Qe4 d5 22. Nxd5 Bxf5 23. Qxf5 Nxd5 24. Nxb7 Qxb7 25. Bf3 Qb6 26. g6 fxg6 27. Qe4 Qe3+ 28. Qxe3 Nxe3 29. Rde1 Bc5 30. Rxg6 Rh2 31. Rxa6 Rxc2+ 32. Kb1 Rdd2 33. Rg1 Rxb2+ 34. Ka1 Nc2+ 35. Kxb2 Bxg1 36. Kc3 Rh2 37. Be4 Bd4+ 38. Kc4 Ne3+ 39. Kb5 Rb2+ 40. Kc6 Nc4 41. Kd7 Nb6+ 42. Ke7 Rb4 43. Bc6 Kc7 44. Be8 Kb7 45. Ra3 e4 46. Bg6 e3 47. Be4+ Kb8 48. Bf3 Rb2 0-1

[Event "USA-ch Seniors"]
[Site "Saint Louis"]
[Date "2022.07.13"]
[Round "6"]
[White "De Firmian, Nick E"]
[Black "Gurevich, Dmitry"]
[Result "0-1"]
[WhiteElo "2496"]
[BlackElo "2351"]
[PlyCount "116"]
[EventDate "2022.07.07"]
[EventType "tourn"]
[EventRounds "9"]
[EventCountry "USA"]
[EventCategory "11"]
[SourceTitle "CBM 209 Extra"]
[Source "ChessBase"]
[SourceDate "2022.09.30"]
[SourceVersion "1"]
[SourceVersionDate "2022.09.30"]
[SourceQuality "1"]

1. e4 c5 2. Nf3 d6 3. d4 cxd4 4. Nxd4 Nf6 5. Nc3 Nc6 6. f3 e5 7. Nb3 Be7 8. Be3 0-0 9. Qd2 Be6 10. Nd5 Bxd5 11. exd5 Nb8 12. Be2 Nbd7 13. 0-0 Nh5 14. g3 g6 15. c4 a5 16. Nc1 f5 17. Nd3 f4 18. gxf4 Nxf4 19. Nxf4 exf4 20. Bxf4 Bf6 21. Kh1 Qb6 22. Rab1 Rae8 23. Rfe1 Bh4 24. Rf1 Rxe2 25. Qxe2 Rxf4 26. Qe6+ Rf7 27. f4 Nc5 28. Qh3 Qd8 29. f5 g5 30. Rf3 Qf6 31. Rg1 Kh8 32. Qg4 Re7 33. b3 Ne4 34. Qg2 Qd4 35. f6 Nxf6 36. Rgf1 g4 37. Rf4 Qe5 38. h3 h5 39. Qc2 Qe3 40. Qg6 Qxh3+ 41. Kg1 Qg3+ 42. Kh1 Qh3+ 43. Kg1 g3 44. Rxh4 Qxh4 45. Qxf6+ Qxf6 46. Rxf6 Kg7 47. Rf3 h4 48. Rf4 Re1+ 49. Kg2 Re2+ 50. Kg1 Rh2 51. c5 dxc5 52. d6 Rd2 53. Rxh4 Rxd6 54. Rg4+ Kf6 55. Rxg3 Rd1+ 56. Kf2 Rd2+ 57. Ke3 Rxa2 58. Ke4 Rd2 0-1

[Event "Fagernes op"]
[Site "Fagernes"]
[Date "2016.03.25"]
[Round "7.5"]
[White "De Firmian, Nick E"]
[Black "Houska, Jovanka"]
[Result "1/2-1/2"]
[WhiteElo "2508"]
[BlackElo "2387"]
[PlyCount "58"]
[EventDate "2016.03.20"]
[EventType "swiss"]
[EventRounds "9"]
[EventCountry "NOR"]
[SourceTitle "CBM 171 Extra"]
[Source "ChessBase"]
[SourceDate "2016.04.26"]
[SourceVersion "1"]
[SourceVersionDate "2016.04.26"]
[SourceQuality "1"]

1. e4 c6 2. c4 d5 3. exd5 cxd5 4. cxd5 Nf6 5. Nc3 Nxd5 6. Nf3 e6 7. d4 Be7 8. Bd3 0-0 9. 0-0 Nf6 10. Re1 b6 11. Bc2 Bb7 12. Qd3 Nbd7 13. Bg5 Re8 14. Rad1 a6 15. h4 Nf8 16. Ne5 Nd5 17. Bxe7 Qxe7 18. Qg3 Nxc3 19. bxc3 Qc7 20. f4 h5 21. Re3 Bd5 22. Bb1 b5 23. Rf1 Re7 24. Qf2 f5 25. Qe2 g6 26. Rg3 Rg7 27. a4 Qd8 28. Ba2 Be4 29. Bb1 Bd5 1/2-1/2

[Event "Fagernes op"]
[Site "Fagernes"]
[Date "2016.03.22"]
[Round "3.3"]
[White "De Firmian, Nick E"]
[Black "Vovk, Yuri"]
[Result "1/2-1/2"]
[WhiteElo "2508"]
[BlackElo "2611"]
[PlyCount "94"]
[EventDate "2016.03.20"]
[EventType "swiss"]
[EventRounds "9"]
[EventCountry "NOR"]
[SourceTitle "CBM 171 Extra"]
[Source "ChessBase"]
[SourceDate "2016.04.26"]
[SourceVersion "1"]
[SourceVersionDate "2016.04.26"]
[SourceQuality "1"]

1. e4 e6 2. d4 d5 3. Nc3 Nf6 4. Bg5 dxe4 5. Nxe4 Be7 6. Bxf6 gxf6 7. Nf3 f5 8. Ng3 c5 9. c3 Qb6 10. Qb3 Qxb3 11. axb3 Nc6 12. dxc5 Bxc5 13. Be2 Bd7 14. b4 Bd6 15. Rd1 Ke7 16. 0-0 Rhd8 17. Rfe1 Be8 18. b5 Ne5 19. Nd4 Bc7 20. Nh5 Rab8 21. Bf1 Ng4 22. g3 Ne5 23. Kg2 Kf8 24. Nf6 Ng4 25. Nxh7+ Kg7 26. Ng5 Kf6 27. h4 e5 28. f3 exd4 29. fxg4 dxc3 30. bxc3 Rxd1 31. Rxd1 fxg4 32. Rd4 a6 33. c4 axb5 34. cxb5 Ra8 35. Rxg4 Ra2+ 36. Kf3 Ra3+ 37. Kg2 Kf5 38. Rd4 Rxg3+ 39. Kf2 Rb3 40. Rd5+ Kf6 41. Bd3 Rb4 42. h5 Kg7 43. Ne4 f6 44. Nd6 Rb2+ 45. Ke3 Bxd6 46. Rxd6 Bxb5 47. Rb6 Rb3 1/2-1/2

[Event "Fagernes op"]
[Site "Fagernes"]
[Date "2016.03.20"]
[Round "1"]
[White "De Firmian, Nick E"]
[Black "Lobersli, Henrik Oie"]
[Result "1-0"]
[WhiteElo "2508"]
[BlackElo "2134"]
[PlyCount "117"]
[EventDate "2016.03.20"]
[EventType "swiss"]
[EventRounds "9"]
[EventCountry "NOR"]
[SourceTitle "CBM 171 Extra"]
[Source "ChessBase"]
[SourceDate "2016.04.26"]
[SourceVersion "1"]
[SourceVersionDate "2016.04.26"]
[SourceQuality "1"]

1. e4 e5 2. Nf3 Nc6 3. Bb5 a6 4. Ba4 Nf6 5. 0-0 Be7 6. Re1 b5 7. Bb3 0-0 8. a4 b4 9. d3 d6 10. Nbd2 Be6 11. a5 Rb8 12. Nc4 h6 13. h3 Nh7 14. Be3 Ng5 15. Nfd2 Kh8 16. Ba4 Bd7 17. f4 exf4 18. Bxf4 Ne6 19. Be3 Bg5 20. Nf3 Bxe3+ 21. Nxe3 Nc5 22. Bxc6 Bxc6 23. Nd4 Bd7 24. Rf1 Qg5 25. Rf3 Qe5 26. c3 bxc3 27. bxc3 Ne6 28. Rf5 Qg3 29. Nf1 Qg6 30. Nf3 Nc5 31. Nh4 Qh7 32. Rf2 f5 33. Rb1 Rxb1 34. Qxb1 f4 35. Nd2 g5 36. Nhf3 Qg8 37. c4 Rb8 38. Qa1+ Kh7 39. d4 Nb3 40. Qc3 Nxd2 41. Nxd2 Qg7 42. c5 Bb5 43. cxd6 cxd6 44. e5 dxe5 45. dxe5 Re8 46. Nf3 h5 47. Qc2+ Kh8 48. Qf5 Rg8 49. Rd2 Qg6 50. Qxg6 Rxg6 51. Rd6 Kg7 52. Nd4 Bc4 53. e6 Rf6 54. e7 Bf7 55. Rd8 g4 56. e8Q Bxe8 57. Rxe8 f3 58. gxf3 gxf3 59. Kf2 1-0

[Event "Oslo op"]
[Site "Oslo"]
[Date "2011.10.08"]
[Round "8"]
[White "De Firmian, Nick E"]
[Black "Gullaksen, Eirik Tvedt"]
[Result "1-0"]
[WhiteElo "2516"]
[BlackElo "2376"]
[PlyCount "85"]
[EventDate "2011.10.02"]
[EventType "swiss"]
[EventRounds "9"]
[EventCountry "NOR"]
[SourceTitle "CBM 144 Extra"]
[Source "ChessBase"]
[SourceDate "2011.10.28"]
[SourceVersion "1"]
[SourceVersionDate "2011.10.28"]
[SourceQuality "1"]

1. e4 c5 2. Nf3 Nc6 3. d4 cxd4 4. Nxd4 Nf6 5. Nc3 e5 6. Ndb5 d6 7. a4 Bg4 8. f3 Be6 9. Nd5 Bxd5 10. exd5 Nb4 11. Bc4 Rc8 12. Bb3 a6 13. Nc3 a5 14. Nb5 Be7 15. c3 Na6 16. Be3 0-0 17. 0-0 Nd7 18. Kh1 Nc7 19. Qd3 f5 20. Na7 Rb8 21. Bc2 Ra8 22. b4 e4 23. fxe4 Ne5 24. Qe2 axb4 25. cxb4 f4 26. Bg1 Qb8 27. Nb5 f3 28. gxf3 Nxb5 29. f4 Nc3 30. Qe3 Ng6 31. f5 Nh8 32. Qxc3 Bf6 33. Qg3 Bxa1 34. Rxa1 Nf7 35. Bd4 Ne5 36. Rg1 Rf7 37. Bb3 Qe8 38. Bxe5 Qxe5 39. Qxe5 dxe5 40. d6 Kf8 41. Bxf7 Kxf7 42. a5 Ra6 43. Rc1 1-0

[Event "Manhattan op"]
[Site "New York"]
[Date "2011.08.20"]
[Round "7"]
[White "Bartholomew, John"]
[Black "De Firmian, Nick E"]
[Result "1-0"]
[WhiteElo "2442"]
[BlackElo "2522"]
[PlyCount "81"]
[EventDate "2011.08.17"]
[EventType "swiss"]
[EventRounds "9"]
[EventCountry "USA"]
[SourceTitle "CBM 143 Extra"]
[Source "ChessBase"]
[SourceDate "2011.08.29"]
[SourceVersion "1"]
[SourceVersionDate "2011.08.29"]
[SourceQuality "1"]

1. d4 Nf6 2. c4 e6 3. Nc3 Bb4 4. Nf3 c5 5. g3 Qa5 6. Qd3 Nc6 7. dxc5 Qxc5 8. Be3 Qa5 9. Bg2 Ne4 10. Qxe4 Bxc3+ 11. Bd2 Bxd2+ 12. Nxd2 0-0 13. Qc2 d5 14. 0-0 d4 15. Bxc6 bxc6 16. Nb3 Qe5 17. f4 Qh5 18. Qe4 Rb8 19. Qxd4 Qxe2 20. Rf2 Qg4 21. Qxa7 Rb7 22. Qc5 Rd7 23. Kg2 e5 24. h3 Qe6 25. f5 Qf6 26. Re1 Re8 27. Nd2 h5 28. Ne4 Qd8 29. Qe3 Rd4 30. f6 Rxe4 31. Qxe4 gxf6 32. Kh2 f5 33. Qxc6 e4 34. Rd1 Qe7 35. Qd6 Qa7 36. Qf4 Qxa2 37. Qg5+ Kf8 38. Rd8 Be6 39. Rfd2 Qa5 40. Qh6+ Ke7 41. R8d7+ 1-0

[Event "New York Int op"]
[Site "New York"]
[Date "2010.06.20"]
[Round "6"]
[White "De Firmian, Nick E"]
[Black "Harikrishna, Pentala"]
[Result "1/2-1/2"]
[WhiteElo "2549"]
[BlackElo "2660"]
[PlyCount "44"]
[EventDate "2010.06.18"]
[EventType "swiss"]
[EventRounds "9"]
[EventCountry "USA"]
[SourceTitle "EXT 2015"]
[Source "ChessBase"]
[SourceDate "2014.11.20"]
[SourceVersion "1"]
[SourceVersionDate "2014.11.20"]
[SourceQuality "1"]

1. e4 c6 2. d4 d5 3. Nc3 dxe4 4. Nxe4 Nd7 5. Nf3 Ngf6 6. Ng3 g6 7. Bc4 Bg7 8. 0-0 0-0 9. Re1 e6 10. c3 c5 11. Bf4 cxd4 12. Nxd4 Nb6 13. Bb3 Nfd5 14. Bd2 Bd7 15. Nf3 Qc7 16. Qc1 a5 17. Bh6 Nf6 18. a3 Bc6 19. Nd4 Nbd5 20. Bxg7 Kxg7 21. Bxd5 Bxd5 22. Qg5 Ng8 1/2-1/2

[Event "Calgary op"]
[Site "Calgary"]
[Date "2010.05.23"]
[Round "7"]
[White "De Firmian, Nick E"]
[Black "Haessel, Dale R"]
[Result "1/2-1/2"]
[WhiteElo "2549"]
[BlackElo "2207"]
[PlyCount "42"]
[EventDate "2010.05.20"]
[EventType "swiss"]
[EventRounds "9"]
[EventCountry "CAN"]
[SourceTitle "CBM 136 Extra"]
[Source "ChessBase"]
[SourceDate "2010.07.02"]
[SourceVersion "2"]
[SourceVersionDate "2010.07.15"]
[SourceQuality "1"]

1. e4 e5 2. Nf3 Nf6 3. Nxe5 d6 4. Nf3 Nxe4 5. d4 d5 6. Bd3 Bd6 7. 0-0 0-0 8. c4 c6 9. cxd5 cxd5 10. Nc3 Nxc3 11. bxc3 Bg4 12. Rb1 Nd7 13. h3 Bh5 14. Rb5 Nf6 15. c4 Bxf3 16. Qxf3 dxc4 17. Bc2 Qc7 18. a4 a6 19. Rb1 Rab8 20. Bh6 Qc6 21. Qc3 g6 1/2-1/2

[Event "Calgary op"]
[Site "Calgary"]
[Date "2010.05.21"]
[Round "3"]
[White "Porper, Edward"]
[Black "De Firmian, Nick E"]
[Result "1/2-1/2"]
[WhiteElo "2431"]
[BlackElo "2549"]
[PlyCount "62"]
[EventDate "2010.05.20"]
[EventType "swiss"]
[EventRounds "9"]
[EventCountry "CAN"]
[SourceTitle "CBM 136 Extra"]
[Source "ChessBase"]
[SourceDate "2010.07.02"]
[SourceVersion "2"]
[SourceVersionDate "2010.07.15"]
[SourceQuality "1"]

1. d4 Nf6 2. c4 e6 3. Nf3 c5 4. d5 exd5 5. cxd5 d6 6. Nc3 a6 7. h3 b5 8. a3 Qe7 9. g3 g6 10. Bg2 Bg7 11. 0-0 0-0 12. Re1 Nbd7 13. Bf4 Nb6 14. e4 Nfd7 15. e5 dxe5 16. d6 Qe6 17. Ng5 Qf6 18. Be3 Rb8 19. Nge4 Qd8 20. Nxc5 Nc4 21. b4 Ndb6 22. N3e4 Nxe3 23. Rxe3 f5 24. Nc3 e4 25. Qb3+ Kh8 26. Rd1 Be5 27. d7 Nxd7 28. Ne6 Qe8 29. Nxf8 Nxf8 30. Qc2 Be6 31. Ne2 Rc8 1/2-1/2

[Event "Philadelphia op"]
[Site "Philadelphia"]
[Date "2010.04.04"]
[Round "8"]
[White "De Firmian, Nick E"]
[Black "Kudrin, Sergey"]
[Result "1/2-1/2"]
[WhiteElo "2557"]
[BlackElo "2556"]
[PlyCount "56"]
[EventDate "2010.03.31"]
[EventType "swiss"]
[EventRounds "9"]
[EventCountry "USA"]
[SourceTitle "CBM 135 Extra"]
[Source "ChessBase"]
[SourceDate "2010.05.04"]
[SourceVersion "1"]
[SourceVersionDate "2010.05.04"]
[SourceQuality "1"]

1. e4 c5 2. Nf3 d6 3. d4 cxd4 4. Nxd4 Nf6 5. Nc3 g6 6. Be3 a6 7. Be2 Bg7 8. a4 Nc6 9. 0-0 0-0 10. f4 Bd7 11. Nb3 b5 12. axb5 axb5 13. Rxa8 Qxa8 14. Bxb5 Ng4 15. Bxc6 Nxe3 16. Bxa8 Nxd1 17. Rxd1 Rxa8 18. Kf2 Rb8 19. Ke3 Be6 20. Kd3 f5 21. exf5 gxf5 22. g3 Kf7 23. Nd4 Rxb2 24. Nxe6 Kxe6 25. Re1+ Kf7 26. Ra1 Rb4 27. Ra7 Rd4+ 28. Ke2 Ke6 1/2-1/2

[Event "World op 37th"]
[Site "Philadelphia"]
[Date "2009.07.03"]
[Round "5"]
[White "Najer, Evgeniy"]
[Black "De Firmian, Nick E"]
[Result "1-0"]
[WhiteElo "2669"]
[BlackElo "2552"]
[PlyCount "61"]
[EventDate "2009.06.29"]
[EventType "swiss"]
[EventRounds "9"]
[EventCountry "USA"]
[SourceTitle "CBM 131 Extra"]
[Source "ChessBase"]
[SourceDate "2009.09.03"]
[SourceVersion "2"]
[SourceVersionDate "2009.09.16"]
[SourceQuality "1"]

1. e4 c5 2. Nf3 d6 3. d4 cxd4 4. Nxd4 Nf6 5. Nc3 a6 6. Bg5 e6 7. f4 Be7 8. Qf3 Qc7 9. 0-0-0 Nbd7 10. g4 b5 11. Bxf6 Nxf6 12. g5 Nd7 13. f5 Nc5 14. f6 gxf6 15. gxf6 Bf8 16. Rg1 h5 17. Bh3 Bb7 18. Kb1 b4 19. Nd5 Qa5 20. Rg7 Nxe4 21. Bxe6 Bxd5 22. Bxf7+ Kd8 23. Nb3 Nd2+ 24. Rxd2 Bxf3 25. Nxa5 Rh6 26. Rg6 Kc7 27. Rf2 Bg4 28. Rg5 Rc8 29. Nc4 Kd8 30. b3 Rc7 31. Bd5 1-0

[Event "Bermuda op"]
[Site "Southampton"]
[Date "2009.02.01"]
[Round "5"]
[White "De Firmian, Nick E"]
[Black "Cummings, David H"]
[Result "1/2-1/2"]
[WhiteElo "2545"]
[BlackElo "2362"]
[PlyCount "100"]
[EventDate "2009.01.30"]
[EventType "swiss"]
[EventRounds "5"]
[EventCountry "BER"]
[SourceTitle "CBM 128 Extra"]
[Source "ChessBase"]
[SourceDate "2009.03.05"]
[SourceVersion "2"]
[SourceVersionDate "2009.03.25"]
[SourceQuality "1"]

1. e4 c5 2. Nf3 e6 3. d4 cxd4 4. Nxd4 Nc6 5. Nc3 Qc7 6. Be2 a6 7. 0-0 Nf6 8. Kh1 Nxd4 9. Qxd4 Bc5 10. Qd3 b5 11. f4 h5 12. Bf3 Bb7 13. e5 Ng4 14. Bxb7 Qxb7 15. Ne4 Rc8 16. Qf3 Qc6 17. Bd2 Nh6 18. c4 bxc4 19. Rac1 Be7 20. b3 0-0 21. Rxc4 Qd5 22. Ra4 Rc2 23. Rd1 Rfc8 24. Qxh5 Nf5 25. Qf3 Nh4 26. Qf1 Nf5 27. Qxa6 Rc1 28. Rg1 Rxg1+ 29. Kxg1 Rc2 30. Qe2 Bc5+ 31. Kf1 Be3 32. Rc4 Bxd2 33. Rxc2 Ne3+ 34. Kf2 Nxc2 35. Nxd2 Qd4+ 36. Kg3 Ne3 37. Kf3 Nd5 38. g3 Nc3 39. Qe3 Qd5+ 40. Kg4 Nxa2 41. Ne4 Nb4 42. Nd6 f6 43. Kh3 Nd3 44. Nc4 fxe5 45. fxe5 Nc5 46. Nb6 Qd1 47. Qxc5 Qf3 48. Kh4 g5+ 49. Kxg5 Qf5+ 50. Kh4 Qh7+ 1/2-1/2